000 02030nam a22002657a 4500
999 _c62358
_d62358
003 Ge_BSU
005 20241009103101.0
008 241009s1994 ge ||||| |||| 00| 0 geo d
020 _a5520015066
041 _ageo
080 _a930.2:003.071(=353.1) ს-50
100 _aსილოგავა, ვალერი
_91878
245 _aკუმურდო :
_bტაძრის ეპიგრაფიკა /
_cვალერი სილოგავა; რედაქტორი პარმენ ზაქარაია; ივანე ჯავახიშვილის სახელობის თბილისის სახელმწიფო უნივერსიტეტის ახალციხის ფილიალი, ახალციხის დამოუკიდებელი უნივერსიტეტი.
264 _aთბილისი :
_bმეცნიერება,
_c1994.
300 _a131 გვ. :
_b ტაბ. ; [16] ფ.
_c26 სმ.
500 _aდამატებითი თავფურცელი და რეზიუმე რუსულ და ინგლისურ ენებზე.
504 _aბიბლიოგრაფია ტექსტის შენიშვნებში.
653 _aქართული ეპიგრაფიკული ძეგლები
653 _aკუმურდო
653 _aტაძრის ეპიგრაფიკა
700 _aზაქარაია, პარმენ
_e რედაქტორი
_923370
710 _aივანე ჯავახიშვილის სახელობის თბილისის სახელმწიფო უნივერსიტეტი.
_bახალციხის ფილიალი. ახალციხის დამოუკიდებელი უნივერსიტეტი.
_923371
773 _tნაცუქარი
942 _2udc
_cᲬᲘᲒᲜᲘ